[Event "NED-ch 1997 sf"]
[Site "Enschede"]
[Date "1996.??.??"]
[Round "3"]
[White "Sziva, Erika"]
[Black "Hendriks, Willy"]
[Result "1-0"]
[WhiteElo "2250"]
[BlackElo "2430"]
[PlyCount "71"]
[EventDate "1996.??.??"]

1. e4 c5 2. Nf3 Nc6 3. d4 cxd4 4. Nxd4 g6 5. Nc3 Bg7 6. Nb3 Nf6 7. Be2 O-O 8.
O-O d6 9. Bg5 Be6 10. Kh1 a5 11. a4 Rc8 12. f4 Nb4 13. Nd4 Bc4 14. Ndb5 Qb6 15.
Bd3 Rc5 16. Bh4 Bxb5 17. axb5 Qc7 18. Bf2 Nxd3 19. cxd3 Rh5 20. g4 Rc5 21. Bxc5
Qxc5 22. Rxa5 e6 23. Qe2 h5 24. g5 Nd7 25. Qd2 Rc8 26. Rfa1 Kh7 27. R5a4 Nb6
28. R4a3 Bd4 29. Rf1 Qb4 30. Qe2 Bc5 31. Raa1 Bd4 32. Rac1 Re8 33. Qg2 Bxc3 34.
bxc3 Qxb5 35. Rb1 Qc6 36. Qb2 1-0

[Event "NED-ch 1997 sf"]
[Site "Enschede"]
[Date "1996.??.??"]
[Round "3"]
[White "Van Wissen, Michiel"]
[Black "Van Schaardenburg, Mark"]
[Result "1/2-1/2"]
[WhiteElo "2160"]
[BlackElo "2295"]
[PlyCount "122"]
[EventDate "1996.??.??"]

1. e4 e5 2. Nf3 f5 3. Nxe5 Nc6 4. Nxc6 dxc6 5. d3 Qf6 6. Nc3 Bb4 7. Bd2 Be6 8.
exf5 Bxf5 9. Qf3 O-O-O 10. O-O-O Qg6 11. Be2 Nf6 12. Qg3 Qf7 13. Qf4 Nd5 14.
Nxd5 Bxd2+ 15. Rxd2 Qxd5 16. Bf3 Qa5 17. Re2 Bd7 18. a3 Rde8 19. Qd2 Qc5 20.
Rhe1 Rxe2 21. Rxe2 Qd6 22. h3 Rf8 23. Qg5 Qd4 24. Qe5 Qxe5 25. Rxe5 Bxh3 26.
Re7 g5 27. Rxh7 Bf5 28. Rg7 g4 29. Bxg4 Bxg4 30. Rxg4 Rxf2 31. Rg7 a5 32. g4 b6
33. g5 Rg2 34. g6 c5 35. a4 Kd8 36. b3 Ke8 37. Rg8+ Ke7 38. Rg7+ Kf8 39. Rf7+
Ke8 40. Rg7 Kf8 41. Rxc7 Rxg6 42. Kb2 Ke8 43. Kc3 Kd8 44. Rh7 Rg4 45. Rb7 Rb4
46. Kb2 Kc8 47. Re7 Rh4 48. Re2 Kd7 49. c3 Kd6 50. Kc2 Rh1 51. Rg2 Rh6 52. d4
cxd4 53. cxd4 Kd5 54. Rd2 Rh4 55. Kc3 Rg4 56. Rd3 Rg1 57. Rh3 Rc1+ 58. Kd2 Rg1
59. Kc3 Rc1+ 60. Kb2 Rc6 61. Rh4 Rg6 1/2-1/2

[Event "NED-ch 1997 sf"]
[Site "Enschede"]
[Date "1996.??.??"]
[Round "3"]
[White "Vogel, Jaap"]
[Black "Bark, Eric"]
[Result "1-0"]
[WhiteElo "2295"]
[BlackElo "2295"]
[PlyCount "79"]
[EventDate "1996.??.??"]

1. Nf3 d6 2. d4 Nf6 3. g3 g6 4. b3 Bg7 5. Bb2 c6 6. Bg2 a5 7. a4 O-O 8. O-O
Nbd7 9. Nbd2 Qc7 10. e4 Rd8 11. Qe2 b6 12. Rfd1 Ba6 13. Qe1 e5 14. dxe5 Nxe5
15. Nxe5 dxe5 16. Nf3 Nd7 17. h4 Nc5 18. Bh3 f6 19. h5 Rxd1 20. Rxd1 Rd8 21.
hxg6 hxg6 22. Nh4 Kf7 23. Rxd8 Qxd8 24. Bf1 Bxf1 25. Kxf1 Qd7 26. Kg2 Bf8 27.
Qe2 b5 28. Ba3 bxa4 29. Bxc5 axb3 30. cxb3 Bxc5 31. Qc4+ Qe6 32. Qxc5 f5 33.
Qxa5 fxe4 34. Qc7+ Kg8 35. Qd8+ Kf7 36. Qg5 c5 37. Qe3 Qc6 38. Kg1 c4 39. bxc4
Qxc4 40. Qa7+ 1-0

[Event "NED-ch 1997 sf"]
[Site "Enschede"]
[Date "1996.??.??"]
[Round "4"]
[White "Bark, Eric"]
[Black "Etmans, Maarten"]
[Result "1-0"]
[WhiteElo "2295"]
[BlackElo "2230"]
[PlyCount "129"]
[EventDate "1996.??.??"]

1. e4 Nf6 2. Qe2 e5 3. c3 Nc6 4. Nf3 d6 5. g3 g6 6. Bg2 Bg7 7. d3 O-O 8. O-O d5
9. Na3 Bg4 10. h3 Bxf3 11. Qxf3 d4 12. c4 Nd7 13. Qe2 Qe7 14. Bd2 a5 15. Nc2
Rfe8 16. Kh2 Nb4 17. Ne1 Nc5 18. f4 exf4 19. gxf4 f5 20. e5 c6 21. a3 Nb3 22.
Rd1 Na6 23. Nf3 Bh6 24. h4 Nac5 25. Kg3 Ne6 26. Ng5 Bf8 27. Nh3 Qg7 28. Rh1 Be7
29. Rdg1 Kh8 30. Ng5 Bd6 31. Nf3 Bc7 32. Bh3 Qe7 33. Rh2 Ng7 34. Rhg2 Rad8 35.
Kh2 Nc5 36. Ng5 Nce6 37. Nxe6 Qxe6 38. Rg5 Rd7 39. h5 Bd8 40. h6 Bxg5 41. hxg7+
Rxg7 42. Rxg5 Ra8 43. Qg2 b6 44. Qf2 h6 45. Rg1 Rd7 46. Qf3 Kh7 47. Be1 Rc8 48.
b3 Rg7 49. Bh4 Rcc7 50. Bd8 Rb7 51. Bg2 Rb8 52. Bf6 Rc7 53. Qf2 Rd7 54. Qh4 Rf8
55. Bf3 Rdf7 56. b4 axb4 57. axb4 Rxf6 58. exf6 Rxf6 59. Re1 Qd6 60. c5 bxc5
61. bxc5 Qf8 62. Re5 Qg7 63. Qe1 g5 64. Bh5 Kh8 65. Re7 1-0

[Event "NED-ch 1997 sf"]
[Site "Enschede"]
[Date "1996.??.??"]
[Round "4"]
[White "Ernst, Sipke"]
[Black "Vogel, Jaap"]
[Result "1-0"]
[WhiteElo "2215"]
[BlackElo "2295"]
[PlyCount "55"]
[EventDate "1996.??.??"]

1. e3 d5 2. c4 c6 3. Nf3 Nf6 4. Nc3 g6 5. d4 Bg7 6. Be2 O-O 7. O-O Bg4 8. cxd5
Nxd5 9. e4 Nb6 10. Be3 N8d7 11. a4 e5 12. d5 cxd5 13. Nxd5 Bxf3 14. gxf3 Qh4
15. a5 Nxd5 16. Qxd5 Rfd8 17. Qxb7 Nf6 18. Rfd1 Rdb8 19. Qc6 Rc8 20. Qa6 Nh5
21. Rac1 Rd8 22. Rxd8+ Rxd8 23. Rc8 Nf4 24. Rxd8+ Qxd8 25. Kf1 h5 26. Qxa7 Qc8
27. Bxf4 exf4 28. b3 1-0

[Event "NED-ch 1997 sf"]
[Site "Enschede"]
[Date "1996.??.??"]
[Round "4"]
[White "Hendriks, Willy"]
[Black "Hoogendoorn, Joost"]
[Result "1-0"]
[WhiteElo "2430"]
[BlackElo "2345"]
[PlyCount "57"]
[EventDate "1996.??.??"]

1. e4 c5 2. Nf3 e6 3. d4 cxd4 4. Nxd4 Nc6 5. Nc3 Qc7 6. Be3 a6 7. Bd3 Nxd4 8.
Bxd4 Ne7 9. O-O Nc6 10. Be3 b5 11. f4 Bb7 12. e5 Be7 13. Ne4 Nb4 14. Rf2 Rc8
15. a3 Nxd3 16. cxd3 Bxe4 17. dxe4 Bc5 18. Qd3 O-O 19. Rd1 Rfd8 20. Rfd2 Be7
21. Qd4 Qb7 22. h3 h6 23. f5 Rc4 24. Qb6 Qxe4 25. fxe6 fxe6 26. Rxd7 Rxd7 27.
Rxd7 Bc5 28. Qxe6+ Kh7 29. Qxh6+ 1-0

[Event "NED-ch 1997 sf"]
[Site "Enschede"]
[Date "1996.??.??"]
[Round "4"]
[White "Kroeze, Frank"]
[Black "Langeweg, Kick"]
[Result "0-1"]
[WhiteElo "2390"]
[BlackElo "2375"]
[PlyCount "51"]
[EventDate "1996.??.??"]

1. e4 c5 2. Nf3 e6 3. Nc3 a6 4. d4 cxd4 5. Nxd4 Qc7 6. Bd3 Nc6 7. Nb3 Nf6 8. f4
d6 9. Be3 b5 10. Qf3 Bb7 11. O-O g6 12. g4 Bg7 13. Rad1 O-O 14. Qh3 Nd7 15. f5
b4 16. Ne2 exf5 17. gxf5 Rae8 18. Nf4 Nce5 19. Nd2 Nf6 20. Bd4 Qd8 21. fxg6
hxg6 22. Bxe5 Rxe5 23. Nf3 Qb6+ 24. Kg2 Nxe4 25. Bxe4 Bxe4 26. Rd2 0-1

[Event "NED-ch 1997 sf"]
[Site "Enschede"]
[Date "1996.??.??"]
[Round "4"]
[White "Perez Garcia, Hebert"]
[Black "Strating, Sybolt"]
[Result "1/2-1/2"]
[WhiteElo "2210"]
[BlackElo "2325"]
[PlyCount "79"]
[EventDate "1996.??.??"]

1. e4 c5 2. Nc3 Nc6 3. g3 g6 4. Bg2 Bg7 5. d3 d6 6. Be3 b5 7. e5 Bb7 8. exd6
exd6 9. Nge2 Nge7 10. d4 Nf5 11. dxc5 Nxe3 12. fxe3 dxc5 13. Qxd8+ Nxd8 14.
Bxb7 Nxb7 15. Nxb5 Bxb2 16. Rd1 Be5 17. Rd5 f6 18. Nf4 a6 19. Na3 Bxf4 20. gxf4
Rd8 21. Rxd8+ Kxd8 22. Nc4 Kc7 23. Ke2 Nd6 24. Nxd6 Kxd6 25. Rb1 Kc6 26. e4 Rd8
27. Ke3 a5 28. h4 Rg8 29. a4 g5 30. hxg5 fxg5 31. Rh1 gxf4+ 32. Kxf4 Rf8+ 33.
Ke3 c4 34. Rh5 Rd8 35. Rxa5 c3 36. Rh5 Rd2 37. Rxh7 Rxc2 38. Kd3 Ra2 39. Rh6+
Kc5 40. Kxc3 1/2-1/2

[Event "NED-ch 1997 sf"]
[Site "Enschede"]
[Date "1996.??.??"]
[Round "4"]
[White "Sziva, Erika"]
[Black "Knoppert, Erik"]
[Result "1-0"]
[WhiteElo "2250"]
[BlackElo "2415"]
[PlyCount "67"]
[EventDate "1996.??.??"]

1. e4 c6 2. d4 d5 3. exd5 cxd5 4. c4 Nf6 5. Nc3 e6 6. Nf3 Bb4 7. cxd5 Nxd5 8.
Qc2 Nc6 9. Bd3 h6 10. O-O O-O 11. a3 Be7 12. Qe2 Nf6 13. Rd1 b6 14. Bc2 a5 15.
Ne4 Qd5 16. Nxf6+ Bxf6 17. Be4 Qd6 18. d5 exd5 19. Bxd5 Be6 20. Be4 Qc7 21. Be3
Rfd8 22. Rac1 Rxd1+ 23. Qxd1 Bd7 24. Bxb6 Qb7 25. Bd4 Re8 26. Bd5 Rc8 27. Bxf6
gxf6 28. b3 Qa7 29. h3 Ne5 30. Nxe5 fxe5 31. Rxc8+ Bxc8 32. Qc2 Bd7 33. Qg6+
Kh8 34. Qxf7 1-0

[Event "NED-ch 1997 sf"]
[Site "Enschede"]
[Date "1996.??.??"]
[Round "4"]
[White "Van Haastert, Edwin"]
[Black "De Boer, Sybolt"]
[Result "0-1"]
[WhiteElo "2300"]
[BlackElo "2240"]
[PlyCount "104"]
[EventDate "1996.??.??"]

1. e4 d5 2. exd5 Nf6 3. d4 Bg4 4. f3 Bf5 5. Bb5+ Nbd7 6. c4 a6 7. Bxd7+ Qxd7 8.
Nc3 b5 9. b3 e6 10. dxe6 Qxe6+ 11. Qe2 Bb4 12. Bd2 bxc4 13. bxc4 O-O-O 14.
Qxe6+ fxe6 15. Nge2 Bd3 16. c5 e5 17. dxe5 Rhe8 18. f4 Ng4 19. Rc1 Nxe5 20.
fxe5 Rxe5 21. O-O Bxe2 22. Bf4 Bxc3 23. Rxc3 Rf5 24. g4 Rf7 25. Rf2 Bxg4 26.
Bg3 Rd1+ 27. Kg2 Rxf2+ 28. Bxf2 Be6 29. a3 Bd5+ 30. Kg3 Kd7 31. Be3 c6 32. Kf2
Rh1 33. Bf4 Ke6 34. Bd6 Ra1 35. Ke3 Kf5 36. Kd4 g5 37. Re3 Kg4 38. Rg3+ Kf5 39.
Re3 h5 40. Re5+ Kg6 41. Re3 Ra2 42. h3 h4 43. Bc7 g4 44. hxg4 Kg5 45. Ba5 Kxg4
46. Bc7 h3 47. Rg3+ Kh4 48. Rg7 Rxa3 49. Bf4 Ra2 50. Ke5 Rg2 51. Ra7 Kg4 52.
Rg7+ Kf3 0-1

[Event "NED-ch 1997 sf"]
[Site "Enschede"]
[Date "1996.??.??"]
[Round "4"]
[White "Van Schaardenburg, Mark"]
[Black "Ellenbroek, Ton"]
[Result "1-0"]
[WhiteElo "2295"]
[BlackElo "2095"]
[PlyCount "103"]
[EventDate "1996.??.??"]

1. e4 e5 2. Nc3 Nc6 3. Bc4 Nf6 4. a3 Nxe4 5. Nxe4 d5 6. Bd3 dxe4 7. Bxe4 g6 8.
Nf3 Bg7 9. Bxc6+ bxc6 10. d3 O-O 11. O-O Rb8 12. Rb1 Bf5 13. Nd2 Qd5 14. f3 g5
15. Ne4 h6 16. Be3 a5 17. Qd2 a4 18. h4 f6 19. Rfd1 Rfd8 20. hxg5 hxg5 21. Qc3
g4 22. Kf2 Bg6 23. Qc5 f5 24. Nc3 g3+ 25. Kxg3 Qe6 26. Kh2 Bf8 27. Qc4 Qxc4 28.
dxc4 Rxd1 29. Rxd1 Rxb2 30. Rd8 Rxc2 31. Nxa4 Rxc4 32. Nb2 Rc2 33. Nd3 f4 34.
Nxe5 fxe3 35. Nxg6 Kf7 36. Rxf8+ Kxg6 37. Re8 Rc3 38. a4 c5 39. Kg3 Kf5 40. a5
c4 41. Re4 Ra3 42. Rxc4 Rxa5 43. Rxc7 Re5 44. Rc1 Re8 45. Ra1 Rg8+ 46. Kh2 Rd8
47. g3 Rd2+ 48. Kg1 Ke5 49. Ra4 Rd1+ 50. Kg2 Rd2+ 51. Kh3 Rd4 52. Ra3 1-0

[Event "NED-ch 1997 sf"]
[Site "Enschede"]
[Date "1996.??.??"]
[Round "4"]
[White "Van der Poel, Henk"]
[Black "Riemersma, Liafbern"]
[Result "0-1"]
[WhiteElo "2320"]
[BlackElo "2435"]
[PlyCount "46"]
[EventDate "1996.??.??"]

1. e4 c5 2. Nf3 Nc6 3. d4 cxd4 4. Nxd4 e6 5. Nc3 Qc7 6. Be3 a6 7. f4 b5 8. Qf3
Bb7 9. Bd3 Nf6 10. O-O-O Na5 11. Kb1 Nc4 12. Bc1 h5 13. Nce2 Nd6 14. Ng3 h4 15.
Qe2 hxg3 16. e5 gxh2 17. exd6 Bxd6 18. Bxb5 Ne4 19. Ba4 Qa5 20. Bc6 Bxc6 21.
Nxc6 Nc3+ 22. bxc3 dxc6 23. Qd3 Rb8+ 0-1

[Event "NED-ch 1997 sf"]
[Site "Enschede"]
[Date "1996.??.??"]
[Round "4"]
[White "Van der Weide, Karel"]
[Black "Bosboom, Manuel"]
[Result "1/2-1/2"]
[WhiteElo "2365"]
[BlackElo "2410"]
[PlyCount "61"]
[EventDate "1996.??.??"]

1. e4 c5 2. Nf3 d6 3. g3 Nf6 4. d3 g6 5. Bg2 Bg7 6. O-O Nc6 7. Nbd2 O-O 8. c3
Nd7 9. Nb3 b6 10. Re1 Ba6 11. d4 cxd4 12. cxd4 Nb4 13. Re3 Rc8 14. Rc3 Nf6 15.
Ne1 Qd7 16. Bd2 Nc6 17. Rac1 d5 18. e5 Ne4 19. R3c2 f6 20. Be3 fxe5 21. dxe5
Nxe5 22. Bxe4 dxe4 23. Qxd7 Nxd7 24. Rc7 Bxb2 25. Rxd7 Bxc1 26. Nxc1 Rfd8 27.
Rxa7 Rd1 28. Rxa6 Rxe1+ 29. Kg2 Rxe3 30. fxe3 Rxc1 31. Rxb6 1/2-1/2

[Event "NED-ch 1997 sf"]
[Site "Enschede"]
[Date "1996.??.??"]
[Round "4"]
[White "Van der Werf, Mark"]
[Black "Roobol, Martin"]
[Result "1-0"]
[WhiteElo "2400"]
[BlackElo "2365"]
[PlyCount "45"]
[EventDate "1996.??.??"]

1. d4 d5 2. c4 c6 3. Nf3 Nf6 4. Nc3 e6 5. Bg5 dxc4 6. a4 b5 7. axb5 cxb5 8.
Nxb5 Qb6 9. Nc3 Bb7 10. Ne5 Nc6 11. Nxc4 Qxd4 12. Qb3 O-O-O 13. Be3 Qg4 14. f3
Nd4 15. Qa4 Nc2+ 16. Qxc2 Qxc4 17. Bxa7 Nd5 18. e4 Nb4 19. Qa4 Nd3+ 20. Bxd3
Qxd3 21. Ne2 Bd6 22. Kf2 Rd7 23. Rhd1 1-0

[Event "NED-ch 1997 sf"]
[Site "Enschede"]
[Date "1996.??.??"]
[Round "5"]
[White "Bosboom, Manuel"]
[Black "Ernst, Sipke"]
[Result "1-0"]
[WhiteElo "2410"]
[BlackElo "2215"]
[PlyCount "101"]
[EventDate "1996.??.??"]

1. c4 e6 2. d4 d5 3. Nf3 Nf6 4. Nc3 Be7 5. Qc2 O-O 6. Bg5 Nc6 7. e3 b6 8. a3
Bb7 9. Rc1 h6 10. Bxf6 Bxf6 11. cxd5 exd5 12. Bd3 Ne7 13. O-O c5 14. dxc5 bxc5
15. Rfd1 Qa5 16. Qd2 Kh8 17. Bb1 Rfd8 18. Qc2 g6 19. Na4 d4 20. e4 d3 21. Qc4
Ba6 22. Qxf7 Rf8 23. Qb3 c4 24. Qb4 Qxb4 25. axb4 Bb5 26. Nc3 Bxc3 27. Rxc3 Nc6
28. Ba2 Nxb4 29. Bxc4 Ba4 30. b3 Bc6 31. Nd2 Rad8 32. Ra1 Rd7 33. f3 Kg7 34.
Kf2 Kf6 35. Ra5 Rfd8 36. h4 Ke7 37. Rc1 Kf6 38. Rca1 Nc2 39. Rd1 Nb4 40. h5 g5
41. Rc5 Rc7 42. Rc1 Re7 43. Ra1 Re5 44. Raa5 Rxc5 45. Rxc5 Re8 46. Rf5+ Ke7 47.
g3 Rf8 48. Ke3 Rd8 49. f4 gxf4+ 50. gxf4 Nc2+ 51. Kf2 1-0

[Event "NED-ch 1997 sf"]
[Site "Enschede"]
[Date "1996.??.??"]
[Round "5"]
[White "Bosch, Jeroen"]
[Black "Van der Werf, Mark"]
[Result "1-0"]
[WhiteElo "2425"]
[BlackElo "2400"]
[PlyCount "115"]
[EventDate "1996.??.??"]

1. e4 c6 2. d4 d5 3. e5 c5 4. dxc5 Nc6 5. Bb5 e6 6. Be3 Nge7 7. c3 Bd7 8. Bxc6
Nxc6 9. f4 g5 10. fxg5 Nxe5 11. Nf3 Qc7 12. Nxe5 Qxe5 13. Qd4 Qxd4 14. cxd4 b6
15. cxb6 axb6 16. O-O Bb4 17. a3 Bb5 18. Rc1 Bc4 19. Nc3 Be7 20. Ne4 Rg8 21.
Nd2 Bxg5 22. Bxg5 Rxg5 23. b3 Bd3 24. Nf3 Rg7 25. Rc6 Be4 26. Ne1 Rb8 27. a4
Kd7 28. Rac1 Rb7 29. Kf2 Rg8 30. Nf3 f6 31. R6c3 Ra8 32. Ke3 Raa7 33. g3 Rc7
34. Nd2 Rxc3+ 35. Rxc3 Bg6 36. g4 e5 37. g5 exd4+ 38. Kxd4 fxg5 39. Nf3 Kd6 40.
Nxg5 h6 41. Rf3 Ke7 42. Re3+ Kf6 43. Nf3 Be4 44. Nd2 Bg6 45. Rc3 Be8 46. Rf3+
Kg5 47. Rf8 Bxa4 48. bxa4 Rxa4+ 49. Kxd5 h5 50. Ne4+ Kg4 51. Nf2+ Kg5 52. Ke5
b5 53. Rg8+ Kh4 54. Rg3 Ra2 55. Rh3+ Kg5 56. Ne4+ Kg6 57. Rg3+ Kh6 58. Kf5 1-0

[Event "NED-ch 1997 sf"]
[Site "Enschede"]
[Date "1996.??.??"]
[Round "5"]
[White "De Boer, Sybolt"]
[Black "Van der Weide, Karel"]
[Result "1/2-1/2"]
[WhiteElo "2240"]
[BlackElo "2365"]
[PlyCount "62"]
[EventDate "1996.??.??"]

1. d4 Nf6 2. c4 g6 3. Nc3 Bg7 4. e4 d6 5. Be2 O-O 6. Nf3 Nbd7 7. O-O e5 8. Re1
c6 9. Bf1 a5 10. dxe5 dxe5 11. Na4 Qe7 12. Qc2 Nc5 13. Nxc5 Qxc5 14. a4 Nh5 15.
b3 Qe7 16. c5 Nf4 17. Be3 Rd8 18. g3 Ne6 19. Rad1 Nd4 20. Nxd4 exd4 21. Bf4 Bg4
22. Be2 Bxe2 23. Rxe2 Be5 24. Bxe5 Qxe5 25. f4 Qh5 26. Red2 Qf3 27. Qd3 Qh5 28.
Rc1 Rd7 29. Rc4 Rad8 30. Kg2 Qg4 31. Qf3 Qe6 1/2-1/2

[Event "NED-ch 1997 sf"]
[Site "Enschede"]
[Date "1996.??.??"]
[Round "5"]
[White "Etmans, Maarten"]
[Black "Hoogendoorn, Joost"]
[Result "0-1"]
[WhiteElo "2230"]
[BlackElo "2345"]
[PlyCount "94"]
[EventDate "1996.??.??"]

1. e4 c6 2. Nc3 d5 3. Nf3 g6 4. d4 Bg7 5. Be2 dxe4 6. Nxe4 Nd7 7. O-O Ngf6 8.
Nxf6+ Nxf6 9. Ne5 Be6 10. a4 O-O 11. a5 Rc8 12. c4 Ne4 13. Nf3 Nd6 14. Ra4 b5
15. axb6 axb6 16. d5 cxd5 17. cxd5 Bf5 18. Nd4 Bd7 19. Rb4 Rc5 20. Qb3 Nf5 21.
Nxf5 Bxf5 22. Bf3 Bc2 23. Qa3 Qd6 24. Bf4 e5 25. dxe6 Qxe6 26. Qe3 Qf6 27. h4
Qxh4 28. Rxb6 Rcc8 29. Rc1 Bf5 30. Rxc8 Bxc8 31. g3 Qd8 32. Rb8 Qd7 33. Qc5 Bd4
34. Qd5 Qa7 35. Ra8 Bxf2+ 36. Kg2 Qb6 37. Rb8 Bh3+ 38. Kxh3 Rxb8 39. Bxb8 Qxb8
40. Qa8 Bxg3 41. Qa3 Be5 42. b3 Qc8+ 43. Kg2 Qc2+ 44. Kf1 Bd4 45. Be2 Qf5+ 46.
Ke1 Bc3+ 47. Kd1 Qd5+ 0-1

[Event "NED-ch 1997 sf"]
[Site "Enschede"]
[Date "1996.??.??"]
[Round "5"]
[White "Knoppert, Erik"]
[Black "Hendriks, Willy"]
[Result "0-1"]
[WhiteElo "2415"]
[BlackElo "2430"]
[PlyCount "79"]
[EventDate "1996.??.??"]

1. d4 Nf6 2. c4 g6 3. Nc3 Bg7 4. g3 O-O 5. Bg2 d6 6. e3 Nbd7 7. Nge2 e5 8. b3
Re8 9. Ba3 exd4 10. Nxd4 Nc5 11. Qc2 c6 12. O-O Qb6 13. Rfd1 Bg4 14. Rd2 Rad8
15. h3 Bc8 16. Rad1 a5 17. Qb1 h6 18. Kh2 h5 19. Bb2 a4 20. Ba1 axb3 21. axb3
Qc7 22. b4 Ncd7 23. Kg1 Ne5 24. Qb3 Qe7 25. b5 c5 26. Nde2 Be6 27. Nd5 Nxd5 28.
cxd5 Bc8 29. b6 Bd7 30. e4 Ra8 31. Ra2 Rxa2 32. Qxa2 Bb5 33. f4 Nd3 34. Bxg7
Kxg7 35. Nc3 Ba6 36. Bf1 c4 37. Qa1 Qf6 38. Bg2 h4 39. Ne2 Qxa1 40. Rxa1 0-1

[Event "NED-ch 1997 sf"]
[Site "Enschede"]
[Date "1996.??.??"]
[Round "5"]
[White "Langeweg, Kick"]
[Black "Van der Poel, Henk"]
[Result "1-0"]
[WhiteElo "2375"]
[BlackElo "2320"]
[PlyCount "85"]
[EventDate "1996.??.??"]

1. Nf3 d5 2. b3 c5 3. e3 Nf6 4. Bb2 e6 5. c4 Be7 6. cxd5 exd5 7. Bb5+ Bd7 8.
Be2 Nc6 9. O-O O-O 10. d4 Rc8 11. dxc5 Bxc5 12. Nc3 Bg4 13. h3 Bh5 14. Rc1 Be7
15. Nd4 Bg6 16. Ncb5 Qa5 17. a3 Rfd8 18. b4 Qb6 19. Nxc6 bxc6 20. Bd4 c5 21.
bxc5 Bxc5 22. Qa4 Bxd4 23. Qxd4 Qxd4 24. Nxd4 Kf8 25. Ba6 Rxc1 26. Rxc1 Ne8 27.
f3 Rb8 28. Rc5 h5 29. Bb5 Nd6 30. Rxd5 Nxb5 31. Rxb5 Rxb5 32. Nxb5 a6 33. Nd4
Bd3 34. e4 g6 35. h4 Ke7 36. e5 Bc4 37. Kf2 Bd5 38. Ke3 Kd7 39. g4 Kc7 40. gxh5
gxh5 41. f4 Kd7 42. f5 Ke7 43. f6+ 1-0

[Event "NED-ch 1997 sf"]
[Site "Enschede"]
[Date "1996.??.??"]
[Round "5"]
[White "Riemersma, Liafbern"]
[Black "Sziva, Erika"]
[Result "1/2-1/2"]
[WhiteElo "2435"]
[BlackElo "2250"]
[PlyCount "67"]
[EventDate "1996.??.??"]

1. d4 Nf6 2. c4 g6 3. Nc3 Bg7 4. e4 d6 5. f3 O-O 6. Bg5 c5 7. d5 h6 8. Be3 e6
9. Qd2 exd5 10. cxd5 Re8 11. Bb5 Nbd7 12. a4 a6 13. Be2 h5 14. Nh3 Ne5 15. Nf2
Nh7 16. O-O f5 17. Rfe1 Nf6 18. f4 Nf7 19. e5 dxe5 20. fxe5 Nxe5 21. Bxc5 Bd7
22. Bd4 Nfg4 23. Bxg4 hxg4 24. Ne2 Rc8 25. b3 Qh4 26. Rad1 g5 27. Nd3 Nxd3 28.
Qxd3 Bxd4+ 29. Qxd4 Re4 30. Qf6 Rce8 31. Qg6+ Kh8 32. Qf6+ Kg8 33. Qg6+ Kh8 34.
Qf6+ 1/2-1/2

[Event "NED-ch 1997 sf"]
[Site "Enschede"]
[Date "1996.??.??"]
[Round "5"]
[White "Roobol, Martin"]
[Black "Perez Garcia, Hebert"]
[Result "1/2-1/2"]
[WhiteElo "2365"]
[BlackElo "2210"]
[PlyCount "138"]
[EventDate "1996.??.??"]

1. b3 Nf6 2. Bb2 d6 3. g3 e5 4. Bg2 g6 5. c4 Bg7 6. Nf3 O-O 7. Nc3 Nbd7 8. O-O
Re8 9. d4 c6 10. dxe5 dxe5 11. Nd2 Qc7 12. Nde4 Bf8 13. Qc2 Nxe4 14. Nxe4 f5
15. Nd2 Bg7 16. c5 Nf6 17. Nc4 e4 18. f3 exf3 19. Bxf3 Re6 20. Rad1 Bd7 21. Nd6
Rf8 22. b4 Ne8 23. Bxg7 Kxg7 24. Qc3+ Kg8 25. Qc4 h5 26. Rd4 Kh7 27. Rfd1 Nxd6
28. Rxd6 Re7 29. Qh4 Be8 30. Qg5 Rg7 31. Re6 Qf7 32. Rdd6 Kg8 33. b5 Qc7 34.
bxc6 bxc6 35. Bxc6 Bxc6 36. Rxc6 Qa5 37. Qc1 Kh7 38. Ra6 Qb5 39. Ra3 Rc8 40.
Rc3 Rc6 41. Rxc6 Qxc6 42. Qf4 Rd7 43. Rc1 Kg7 44. Qe5+ Qf6 45. Qxf6+ Kxf6 46.
Kf2 Ke7 47. c6 Rc7 48. Kf3 Kd8 49. Kf4 Re7 50. c7+ Kc8 51. Rc2 Re4+ 52. Kg5 Re6
53. h3 Ra6 54. e3 Ra3 55. Kxg6 Rxe3 56. Rg2 h4 57. gxh4 Rxh3 58. h5 f4 59. Rf2
f3 60. Kg5 Kxc7 61. Kg4 Rh1 62. Rxf3 Kd6 63. Re3 a5 64. Kg5 Rg1+ 65. Kf6 Rh1
66. Kg6 Rg1+ 67. Kh7 Kc5 68. h6 Kb4 69. Re6 Rg2 1/2-1/2

[Event "NED-ch 1997 sf"]
[Site "Enschede"]
[Date "1996.??.??"]
[Round "5"]
[White "Strating, Sybolt"]
[Black "Van Schaardenburg, Mark"]
[Result "1/2-1/2"]
[WhiteElo "2325"]
[BlackElo "2295"]
[PlyCount "81"]
[EventDate "1996.??.??"]

1. c4 Nf6 2. Nc3 e5 3. g3 Bb4 4. Bg2 O-O 5. Nf3 Re8 6. O-O Bxc3 7. dxc3 d6 8.
Ne1 Nc6 9. Nc2 Be6 10. Ne3 h6 11. b3 Nh7 12. Ba3 f5 13. c5 dxc5 14. Bxc5 Qf6
15. Qc2 f4 16. Nd5 Qf7 17. Nb4 Nxb4 18. Bxb4 Rab8 19. c4 Ng5 20. Qc3 e4 21.
gxf4 Qxf4 22. Qg3 Qxg3 23. hxg3 Bg4 24. f3 exf3 25. exf3 Bh3 26. Bxh3 Nxh3+ 27.
Kg2 Ng5 28. Rfe1 Kf7 29. Rad1 Rxe1 30. Rxe1 Re8 31. Rxe8 Kxe8 32. g4 Kf7 33.
Kf2 Ne6 34. Ke3 g6 35. Be1 Kf6 36. Bh4+ Ke5 37. Bg3+ Kf6 38. b4 h5 39. gxh5
gxh5 40. Ke4 Ng5+ 41. Kf4 1/2-1/2

[Event "NED-ch 1997 sf"]
[Site "Enschede"]
[Date "1996.??.??"]
[Round "5"]
[White "Van Wissen, Michiel"]
[Black "Theulings, Paul-Peter"]
[Result "1-0"]
[WhiteElo "2160"]
[BlackElo "2155"]
[PlyCount "81"]
[EventDate "1996.??.??"]

1. e4 Nf6 2. Nc3 e5 3. Nf3 Nc6 4. g3 Bb4 5. Bg2 O-O 6. O-O d6 7. d3 a6 8. h3
Bc5 9. Kh2 Bd7 10. Ne1 Nd4 11. f4 exf4 12. Bxf4 Ne6 13. Bc1 Ba7 14. Nf3 c5 15.
Nh4 g6 16. Bh6 Nh5 17. Bxf8 Qxf8 18. Nd5 Qg7 19. Nf5 Qe5 20. Qg4 Rf8 21. c3 Kh8
22. Qh4 f6 23. Nfe3 Ng5 24. Nc4 Qe6 25. a4 Bb8 26. a5 Rf7 27. Rf2 Bb5 28. b3
Bc7 29. Qg4 Qe8 30. Nxc7 Rxc7 31. Nxd6 Qe5 32. Nxb5 axb5 33. Rc1 Qd6 34. Rd1
Nf7 35. d4 cxd4 36. cxd4 Rc3 37. e5 Qc7 38. Rf3 b4 39. Qe4 Ng5 40. Rxc3 Qxc3
41. Qe1 1-0

[Event "NED-ch 1997 sf"]
[Site "Enschede"]
[Date "1996.??.??"]
[Round "5"]
[White "Vogel, Jaap"]
[Black "Van Haastert, Edwin"]
[Result "0-1"]
[WhiteElo "2295"]
[BlackElo "2300"]
[PlyCount "66"]
[EventDate "1996.??.??"]

1. Nf3 d6 2. d4 f5 3. g3 Nf6 4. Bg2 g6 5. O-O Bg7 6. b3 O-O 7. Bb2 Qe8 8. Nbd2
h6 9. Re1 g5 10. e4 fxe4 11. Nxe4 Nxe4 12. Rxe4 Nc6 13. Qe2 Qh5 14. Re3 Rf7 15.
Re1 e6 16. Qd3 Bd7 17. h3 Nb4 18. Qe2 Qg6 19. Re4 Bc6 20. Nh2 Raf8 21. Ng4 h5
22. Rxe6 Qxc2 23. Bxc6 hxg4 24. Be4 Qxe2 25. Rxe2 gxh3 26. Bg6 h2+ 27. Kxh2
Rxf2+ 28. Kh3 Nxa2 29. Kg4 Nb4 30. Bc1 Nc6 31. Rxf2 Rxf2 32. Bxg5 Bxd4 33. Bf5
Ne5+ 0-1

[Event "NED-ch 1997 sf"]
[Site "Enschede"]
[Date "1996.??.??"]
[Round "6"]
[White "Bosboom, Manuel"]
[Black "Riemersma, Liafbern"]
[Result "0-1"]
[WhiteElo "2410"]
[BlackElo "2435"]
[PlyCount "74"]
[EventDate "1996.??.??"]

1. c4 Nf6 2. Nf3 e6 3. d4 d5 4. Nc3 c6 5. Bg5 h6 6. Bh4 dxc4 7. e4 g5 8. Bg3 b5
9. Be2 Bb7 10. O-O a6 11. Ne5 Nbd7 12. f4 gxf4 13. Bxf4 Qe7 14. Rb1 Bg7 15. b3
cxb3 16. Rxb3 c5 17. Nxb5 axb5 18. Bxb5 O-O 19. Bxd7 Bxe4 20. Bb5 Rxa2 21. Rg3
Qb7 22. Be2 Qb2 23. Bf3 Bxf3 24. Qxf3 Qxd4+ 25. Kh1 Nh5 26. Qxh5 Qxf4 27. Nf3
e5 28. Rg4 Qf6 29. Kg1 Rfa8 30. Re4 Ra1 31. Rxa1 Rxa1+ 32. Kf2 Ra2+ 33. Kg1
Ra1+ 34. Kf2 Qe6 35. h3 f5 36. Re2 e4 37. Nh4 Bd4+ 0-1

[Event "NED-ch 1997 sf"]
[Site "Enschede"]
[Date "1996.??.??"]
[Round "6"]
[White "Ernst, Sipke"]
[Black "Van Wissen, Michiel"]
[Result "1-0"]
[WhiteElo "2215"]
[BlackElo "2160"]
[PlyCount "25"]
[EventDate "1996.??.??"]

1. b3 e5 2. Bb2 Nc6 3. e3 d5 4. Bb5 f6 5. Nf3 Bd6 6. c4 dxc4 7. Bxc4 Nge7 8.
Nc3 Na5 9. Be2 O-O 10. d4 exd4 11. Nxd4 a6 12. O-O Nf5 13. Nxf5 1-0

[Event "NED-ch 1997 sf"]
[Site "Enschede"]
[Date "1996.??.??"]
[Round "6"]
[White "Hendriks, Willy"]
[Black "Langeweg, Kick"]
[Result "1-0"]
[WhiteElo "2430"]
[BlackElo "2375"]
[PlyCount "65"]
[EventDate "1996.??.??"]

1. e4 c5 2. Nf3 e6 3. d4 cxd4 4. Nxd4 Nc6 5. Nb5 d6 6. Bf4 e5 7. Be3 a6 8. N5c3
Be6 9. Nd2 Be7 10. Nc4 b5 11. Nb6 Rb8 12. Ncd5 Nf6 13. a4 O-O 14. axb5 axb5 15.
Nxf6+ Bxf6 16. Nd5 Bg5 17. Be2 Bxe3 18. Nxe3 Nd4 19. O-O Ra8 20. Bd3 Qc7 21.
Rxa8 Rxa8 22. c3 Nb3 23. Bxb5 Nc5 24. Bd3 Ra2 25. b4 Na4 26. c4 Qa7 27. Bb1 Rb2
28. Qxd6 g6 29. Qxe5 Rxb4 30. Rd1 Qb6 31. Bc2 Nb2 32. Rd6 Qb8 33. Qd4 1-0